000 01210cam a22003135i 4500
001 15996644
003 EG-ScBUE
005 20241021093918.0
008 091125t2010 flua f b 001 0 eng d
020 _a9781420091953 (hardcover : alk. paper)
040 _aDLC
_beng
_erda
_cDLC
_dYDX
_dYDXCP
_dBWX
_dCDX
_dDLC
_dEG-ScBUE
_dEG-ScBUE
082 0 4 _a515.7
_bODE
_222
100 1 _aOden, J. Tinsley
_q(John Tinsley),
_d1936-
_eauthor.
_939252
245 1 0 _aApplied functional analysis /
_cJ. Tinsley Oden, Leszek F. Demkowicz Institute for Computational Engineering and Sciences (ICES), The University of Texas at Austin.
250 _aSEcond edition.
264 1 _aBoca Raton :
_bChapman & Hall / CRC / Taylor & Francis Group,
_c[2010]
264 4 _cc2010
300 _axvii, 578 pages :
_billustrations ;
_c26 cm
336 _2rdacontent
_atext
_btxt
337 _2rdamedia
_aunmediated
_bn
338 _2rdacarrier
_avolume
_bnc
500 _aIncludes appendix.
504 _aIncludes bibliographical references and index.
650 7 _aFunctional analysis.
_2BUEsh
_96879
653 _bENGGEN
_cJuly2015
_cFebruary2016
655 _vReading book
700 1 _aDemkowicz, Leszek,
_eauthor.
942 _2ddc
_cBB
999 _c20334
_d20306